| 000 | 01745nam0a2200433 4500 | ||
|---|---|---|---|
| 001 | RU\NLR\BIBL_A\012544802 | ||
| 005 | 20210924175805.0 | ||
| 010 |
_a978-5-222-34715-7 _910000 |
||
| 021 |
_aRU _bКН-П-22-013041 _9КН-П-22-1115 |
||
| 021 |
_aRU _bКН-П-23-015386 _9КН-П-23-1533 |
||
| 021 |
_aRU _bКН-П-22-036617 _9КН-П-22-3140 |
||
| 021 |
_aRU _bКН-П-22-045939 _9КН-П-22-3971 |
||
| 021 |
_aRU _bКН-П-21-005663 _9КН-П-21-0435 |
||
| 021 |
_aRU _bКН-П-22-067082 _9КН-П-22-5830 |
||
| 021 |
_aRU _bКН-П-22-081171 _9КН-П-22-7125 |
||
| 035 | _a(NLR Aleph) 012544802 | ||
| 035 | _a(RuMoRGB)010567399 | ||
| 090 |
_a12411269 _c12411269 |
||
| 100 | _a20210611d2021 b y0rusy50 ca | ||
| 101 | 0 | _arus | |
| 102 | _aRU | ||
| 105 | _aa z 000ay | ||
| 181 | 0 |
_ai _baxxe |
|
| 182 | 0 | _an | |
| 200 | 1 |
_aЭнциклопедия о любви и дружбе _eсказки для малышей _fЕлена Ульева _gиллюстрации: Елена Теплова |
|
| 203 |
_aТекст _bвизуальный _cнепосредственный |
||
| 205 | _a2-е изд. | ||
| 210 |
_aРостов-на-Дону _cФеникс _cФеникс-премьер _d2021 |
||
| 215 |
_a79, [1] с. _cцв. ил. _d26 |
||
| 225 | 1 | _aСерия "Моя первая книжка" | |
| 333 | _a0+ | ||
| 606 | 1 |
_aДошкольники _xВоспитание в семье _xИспользование сказок _2nlr_sh2 _3RU\NLR\AUTH\661602048 |
|
| 686 | 1 | _aЧ491.31-1 | |
| 700 | 1 |
_aУльева _bЕ. А. _gЕлена Александровна |
|
| 702 | 1 |
_aТеплова _bЕ. _gЕлена _4440 |
|
| 942 | _cBOOK | ||
| 980 | _aNB | ||